000
00292nam a22001337a 4500
008
171016b xxu||||| |||| 00| 0 eng d
020
_a
0814792405
041
_a
eng
080
_a
33
100
_a
52
101
_a
EKO
245
_a
ECONOMIC ORGANIZATION
_c
WILLIAMSON,O.E
942
_2
udc
_c
BK
999
_c
34069
_d
34069